Giáo trình thống kê môi trường

Nội dung sách gồm: Những vấn đề chung của thống kê môi trường; phân tích thống kê môi trường; thống kê trong các doanh nghiệp môi trường; hệ thống tài khoản kinh tế và môi trường.

Spremljeno u:
Bibliografski detalji
Glavni autor: Phan, Công Nghĩa
Format: Knjiga
Jezik:Undetermined
Izdano: Hà Nội Đại học Kinh tế quốc dân 2007
Teme:
Oznake: Dodaj oznaku
Bez oznaka, Budi prvi tko označuje ovaj zapis!
Thư viện lưu trữ: Trung tâm Học liệu Trường Đại học Cần Thơ
LEADER 00891nam a2200205Ia 4500
001 CTU_148464
008 210402s9999 xx 000 0 und d
020 |c 50000 
082 |a 363.700212 
082 |b Ngh301 
100 |a Phan, Công Nghĩa 
245 0 |a Giáo trình thống kê môi trường 
245 0 |c Phan Công Nghĩa 
260 |a Hà Nội 
260 |b Đại học Kinh tế quốc dân 
260 |c 2007 
520 |a Nội dung sách gồm: Những vấn đề chung của thống kê môi trường; phân tích thống kê môi trường; thống kê trong các doanh nghiệp môi trường; hệ thống tài khoản kinh tế và môi trường. 
650 |a Environmental,Môi trường 
650 |x Statistics,Thống kê 
980 |a Trung tâm Học liệu Trường Đại học Cần Thơ